000 00505nam a2200193 a 4500
001 1774864341829
003 YourLibrary
005 20260330152417.0
008 260330s2004##################000#0#eng##
020 _a9780521535601
082 0 4 _a362.1
_bKEM
100 1 _aKemp, Charles,
_eauthor.
245 1 0 _aRefugee and Immigrant Health :
260 _bCambridge University Press,
_c2004.
300 _a402 pages
650 0 _aMedical.
942 _cENGLISH
040 _aYourLibrary
_beng
_cYourLibrary
999 _c618242
_d618242